[Event "Open Sanudo"]
[Site "Venezia ITA"]
[Date "2000.02.??"]
[Round "4"]
[White "Paris, Giorgio"]
[Black "Roberti, Ignazio"]
[Result "1/2-1/2"]
[WhiteElo "1722"]
[BlackElo "1646"]
[PlyCount "94"]
[EventDate "2000.02.26"]

1. e4 c5 2. Nf3 d6 3. d4 cxd4 4. Nxd4 Nf6 5. Nc3 g6 6. Be2 Bd7 7. Be3 Nc6 8. h3
Bg7 9. Qd2 Rc8 10. f4 Qa5 11. Nb3 Qd8 12. O-O O-O 13. Rad1 h5 14. f5 Kh7 15.
Bf4 Qb6+ 16. Kh1 Rcd8 17. Bg5 Ne5 18. Bxf6 exf6 19. Nd5 Qc6 20. Na5 Qa4 21.
Nxb7 Rb8 22. b3 Qxe4 23. Rf4 Qxf4 24. Nxf4 Rxb7 25. fxg6+ fxg6 26. Qxd6 Rb6 27.
Qc7 Bf5 28. Qxa7 Rbb8 29. a4 Ra8 30. Qe3 Bh6 31. Qf2 Bxc2 32. Ra1 Bxb3 33. Nd3
Rxa4 34. Rxa4 Bxa4 35. Qd4 Bb5 36. Nxe5 Bxe2 37. Qd7+ Bg7 38. Nf3 Bc4 39. Nd4
Bf7 40. Qa7 Kh6 41. Qd7 Bc4 42. Qa7 Bf7 43. Qe7 Bd5 44. Qd6 Bf7 45. Qf4+ Kh7
46. Nf3 Be8 47. Qe4 Bf7 1/2-1/2

[Event "Open Sanudo"]
[Site "Venezia ITA"]
[Date "2000.03.11"]
[Round "4"]
[White "Tomio, Dante"]
[Black "Ballarin, Gabriele"]
[Result "1/2-1/2"]
[WhiteElo "1665"]
[BlackElo "1618"]
[PlyCount "76"]
[EventDate "2000.02.26"]

1. e4 c5 2. Nf3 Nc6 3. d4 cxd4 4. Nxd4 e5 5. Nb5 a6 6. Nd6+ Bxd6 7. Qxd6 Qf6 8.
Qd1 Qg6 9. Nc3 Nge7 10. g3 d5 11. Bg2 dxe4 12. Nxe4 O-O 13. O-O Bf5 14. Re1
Rad8 15. Bd2 Nc8 16. c3 Rfe8 17. Qe2 Nd6 18. Rad1 Nxe4 19. Bxe4 Bxe4 20. Qxe4
Qxe4 21. Rxe4 Rd3 22. Kf1 Red8 23. Ke2 f5 24. Re3 e4 25. f3 exf3+ 26. Rxf3 Rxf3
27. Kxf3 Ne5+ 28. Ke2 Kf7 29. Be3 Rxd1 30. Kxd1 Ng4 31. Bg1 Ke6 32. h3 Ne5 33.
Ke2 g5 34. b3 f4 35. gxf4 gxf4 36. Bd4 Nc6 37. Bg7 Kf5 38. Kf3 Ne7 1/2-1/2

[Event "Open Sanudo"]
[Site "Venezia ITA"]
[Date "2000.03.12"]
[Round "5"]
[White "Ballarin, Gabriele"]
[Black "Tonolo, Maurizio"]
[Result "1/2-1/2"]
[WhiteElo "1618"]
[BlackElo "1476"]
[PlyCount "67"]
[EventDate "2000.02.26"]

1. e4 c6 2. d4 d5 3. exd5 cxd5 4. Bd3 Nc6 5. c3 h6 6. Bf4 Nf6 7. Nf3 Bg4 8.
Nbd2 e6 9. h3 Bxf3 10. Nxf3 Be7 11. O-O Nd7 12. Re1 Qb6 13. Re2 g5 14. Bh2 h5
15. Nd2 g4 16. hxg4 hxg4 17. Nb3 O-O-O 18. Rc2 Nf6 19. Bg3 Rh5 20. f4 Rdh8 21.
Kf2 Bd6 22. Qe2 Qc7 23. Qd2 Ne4+ 24. Bxe4 dxe4 25. Rf1 a5 26. Ke1 a4 27. Nc1 b5
28. Ne2 Na5 29. Qc1 Nc4 30. Rg1 e3 31. Qd1 Rh1 32. Kf1 Nd2+ 33. Rxd2 exd2 34.
Qxd2 1/2-1/2

[Event "Open Sanudo"]
[Site "Venezia ITA"]
[Date "2000.02.??"]
[Round "5"]
[White "Castellano, Alfonso"]
[Black "Paris, Giorgio"]
[Result "0-1"]
[WhiteElo "1827"]
[BlackElo "1722"]
[PlyCount "132"]
[EventDate "2000.02.26"]

1. c4 Nf6 2. g3 g6 3. Bg2 Bg7 4. Nc3 c6 5. e4 d6 6. Nge2 Nbd7 7. d4 e5 8. O-O
O-O 9. Qd2 Qc7 10. b3 a6 11. Bb2 Nb6 12. f4 Bh6 13. Qd3 Nfd7 14. fxe5 dxe5 15.
c5 exd4 16. cxb6 Qxb6 17. Na4 Qc7 18. Qxd4 f6 19. Rad1 b5 20. Nc5 Ne5 21. h3
Qe7 22. Nf4 Bg7 23. Qd6 Ra7 24. Ba3 Qxd6 25. Rxd6 Re8 26. Rfd1 Rc7 27. Nfe6
Bxe6 28. Nxe6 Rce7 29. Nc5 Ra7 30. Ne6 Bh6 31. Bc5 Rb7 32. Nd8 Rc7 33. Rxf6 Bg7
34. Rf2 Rc8 35. Nb7 Rb8 36. Na5 Rbc8 37. Rfd2 Re6 38. Rd8+ Rxd8 39. Rxd8+ Kf7
40. Nb7 Bh6 41. Rd2 Bxd2 42. Nd8+ Kf6 43. Nxe6 Kxe6 44. Bf1 Nd7 45. Ba7 c5 46.
Kf2 Ke5 47. Bg2 Bc3 48. Ke2 Bd4 49. h4 a5 50. Kd2 Bf2 51. Bh3 Nf6 52. Ke2 Nxe4
53. Bb8+ Kd4 54. Kf3 Be1 55. Bd7 b4 56. Bc7 Nc3 57. Bxa5 Nxa2 58. Be6 Nc1 59.
Bd8 Kc3 60. h5 Nxb3 61. hxg6 hxg6 62. Bf6+ Kc2 63. Bf7 Nd4+ 64. Ke4 Kc3 65.
Bxg6 Bxg3 66. Kd5 c4 0-1

[Event "Open Sanudo"]
[Site "Venezia ITA"]
[Date "2000.02.??"]
[Round "5"]
[White "Giordan, Daniele"]
[Black "Morello, Franco"]
[Result "1-0"]
[WhiteElo "1419"]
[BlackElo "1449"]
[PlyCount "83"]
[EventDate "2000.02.26"]

1. e4 e5 2. Nf3 Nc6 3. Bb5 a6 4. Ba4 d6 5. c3 b5 6. Bc2 Bg4 7. O-O Qf6 8. d3
Bxf3 9. Qxf3 Qxf3 10. gxf3 Nf6 11. f4 g6 12. fxe5 dxe5 13. f4 Bd6 14. fxe5 Bxe5
15. d4 Nxd4 16. cxd4 Bxd4+ 17. Kg2 Ng4 18. h3 Ne5 19. Nd2 O-O-O 20. Nf3 Nxf3
21. Rxf3 f6 22. Rb1 Rhe8 23. Kf1 Re5 24. Bf4 Rc5 25. Bd3 Kb7 26. b4 Rc3 27. a4
bxa4 28. Bd2 Rc6 29. b5 axb5 30. Bxb5 Rb6 31. Ba5 Rxb5 32. Rxb5+ Ka6 33. Bxc7
Rd7 34. Rb4 Bc5 35. Rxf6+ Ka7 36. Bb8+ Ka8 37. Ra6+ Ba7 38. Rxa7+ Rxa7 39. Bxa7
Kxa7 40. Rxa4+ Kb6 41. Ra1 Kc5 42. Rd1 1-0

[Event "Open Sanudo"]
[Site "Venezia ITA"]
[Date "2000.02.??"]
[Round "5"]
[White "Marson, Antonio"]
[Black "Marson, Luca"]
[Result "1/2-1/2"]
[WhiteElo "1399"]
[BlackElo "1651"]
[PlyCount "51"]
[EventDate "2000.02.26"]

1. d4 Nf6 2. Nf3 e6 3. Bf4 b6 4. e3 Bb7 5. h3 Bb4+ 6. c3 Be7 7. Nbd2 O-O 8. Bd3
d6 9. O-O Nbd7 10. e4 e5 11. dxe5 Nxe5 12. Bc2 Nfd7 13. Qe2 Nxf3+ 14. Nxf3 Re8
15. Rfe1 Bf6 16. Qd1 Ne5 17. Bxe5 Bxe5 18. Nxe5 dxe5 19. f3 Qe7 20. Qe2 Rad8
21. Rad1 Qc5+ 22. Kh1 Qa5 23. Bb3 Ba6 24. Qf2 Qb5 25. Qh4 Rxd1 26. Rxd1 1/2-1/2

[Event "Open Sanudo"]
[Site "Venezia ITA"]
[Date "2000.02.??"]
[Round "5"]
[White "Tomio, Dante"]
[Black "Bozzao, Francesco"]
[Result "1/2-1/2"]
[WhiteElo "1665"]
[BlackElo "1549"]
[PlyCount "78"]
[EventDate "2000.02.26"]

1. e4 c5 2. Nf3 d6 3. d4 cxd4 4. Nxd4 Nf6 5. Nc3 a6 6. Be3 e5 7. Nf3 h6 8. h3
b5 9. Be2 Bb7 10. Nd2 d5 11. exd5 b4 12. Na4 Nxd5 13. Nc4 Nd7 14. Bf3 Nxe3 15.
Nxe3 Bxf3 16. Qxf3 Ra7 17. O-O Be7 18. Rfd1 O-O 19. Nd5 Bc5 20. Nxc5 Nxc5 21.
Nxb4 Qb6 22. a3 a5 23. Qc6 Rb8 24. Qxb6 Rxb6 25. Nd3 Nxd3 26. Rxd3 Rxb2 27. Rc1
Rab7 28. c4 Re2 29. Re3 Rd2 30. Rxe5 Rbb2 31. Rb5 Rbc2 32. Rxc2 Rxc2 33. c5
Rc1+ 34. Kh2 a4 35. Rb8+ Kh7 36. Rc8 Rc3 37. c6 Rxa3 38. Ra8 Rc3 39. c7 a3
1/2-1/2

[Event "Open Sanudo"]
[Site "Venezia ITA"]
[Date "2000.02.??"]
[Round "6"]
[White "Castellano, Alfonso"]
[Black "Tomio, Dante"]
[Result "0-1"]
[WhiteElo "1827"]
[BlackElo "1665"]
[PlyCount "69"]
[EventDate "2000.02.26"]

1. c4 Nf6 2. g3 c6 3. Bg2 g6 4. Nc3 Bg7 5. e4 d6 6. Nge2 O-O 7. d4 e5 8. O-O
Na6 9. h3 Rb8 10. Rb1 Nc7 11. Be3 a6 12. dxe5 dxe5 13. Bc5 Re8 14. Qc2 Be6 15.
Na4 b5 16. Nb6 Na8 17. Nxa8 Rxa8 18. b3 Qc8 19. Kh2 Nd7 20. Be3 Rb8 21. f4 f5
22. Rbd1 bxc4 23. bxc4 exf4 24. Nxf4 Rb2 25. Qa4 Ne5 26. Nxe6 Qxe6 27. Bd4
Rxg2+ 28. Kxg2 Nxc4 29. Rfe1 Rd8 30. Bxg7 Rxd1 31. Qxd1 Kxg7 32. Qd4+ Kh6 33.
Rc1 Ne5 34. exf5 Qxa2+ 35. Qf2 0-1

[Event "Open Sanudo"]
[Site "Venezia ITA"]
[Date "2000.02.??"]
[Round "6"]
[White "Marson, Antonio"]
[Black "Pomaro, Stefano"]
[Result "1/2-1/2"]
[WhiteElo "1399"]
[BlackElo "1572"]
[PlyCount "52"]
[EventDate "2000.02.26"]

1. d4 c6 2. Nf3 d5 3. Bf4 Nf6 4. h3 Qb6 5. Qc1 Bf5 6. e3 e6 7. Nbd2 Nbd7 8. Be2
Be7 9. Nh4 Bg6 10. Nxg6 hxg6 11. c4 dxc4 12. Bxc4 Qd8 13. Bd3 Nd5 14. Bg3 Rc8
15. a3 g5 16. Qd1 N7f6 17. Ne4 Nxe4 18. Bxe4 f5 19. Bd3 Nf6 20. Qb3 Qd7 21. Be5
b6 22. Rc1 Kf7 23. Bxf5 Qd5 24. Qxd5 cxd5 25. Bc2 Rc4 26. Bxf6 gxf6 1/2-1/2

[Event "Open Sanudo"]
[Site "Venezia ITA"]
[Date "2000.02.??"]
[Round "6"]
[White "Marson, Luca"]
[Black "Giordan, Daniele"]
[Result "1-0"]
[WhiteElo "1651"]
[BlackElo "1419"]
[PlyCount "129"]
[EventDate "2000.02.26"]

1. e4 Nf6 2. e5 Nd5 3. d4 d6 4. c4 Nb6 5. Nf3 g6 6. exd6 cxd6 7. Be2 Bg7 8. O-O
O-O 9. Nc3 Nc6 10. Be3 Bf5 11. a3 a6 12. Na4 Na5 13. Nxb6 Qxb6 14. b4 Nxc4 15.
Bxc4 Rac8 16. Rc1 Bg4 17. h3 Bxf3 18. Qxf3 Bxd4 19. Bh6 Bg7 20. Bxg7 Kxg7 21.
Bd5 Rxc1 22. Rxc1 e6 23. Qc3+ Kg8 24. Bf3 d5 25. Qc7 Qd4 26. Qc3 Qxc3 27. Rxc3
b5 28. Rc7 Ra8 29. Kf1 a5 30. Rb7 axb4 31. axb4 Ra1+ 32. Ke2 Ra2+ 33. Ke3 Ra3+
34. Kd4 Ra2 35. Rxb5 Rxf2 36. Rb8+ Kg7 37. b5 Rb2 38. Kc5 Kf6 39. Kd4 Rb4+ 40.
Kc5 Rc4+ 41. Kb6 Ke5 42. Rb7 f5 43. Rc7 Ra4 44. Rc1 Kd6 45. Kb7 Rb4 46. b6 e5
47. Rc6+ Kd7 48. Bxd5 Kd8 49. Bg8 e4 50. Rc2 e3 51. Bd5 h5 52. Bf3 h4 53. Be2
g5 54. Ka7 Ra4+ 55. Ba6 Rd4 56. b7 Rd7 57. Ka8 Rxb7 58. Bxb7 Ke7 59. Bf3 Kd6
60. Kb7 Ke5 61. Rc4 Kd6 62. Kb6 Ke5 63. Kc6 Ke6 64. Rc5 f4 65. Rxg5 1-0

[Event "Open Sanudo"]
[Site "Venezia ITA"]
[Date "2000.02.??"]
[Round "6"]
[White "Morello, Franco"]
[Black "Musiani, Carlo"]
[Result "1/2-1/2"]
[WhiteElo "1449"]
[BlackElo "1500"]
[PlyCount "84"]
[EventDate "2000.02.26"]

1. e4 c5 2. Nf3 d6 3. c3 Nf6 4. Be2 Nc6 5. d3 e6 6. Bg5 Be7 7. Qc2 Qc7 8. O-O
b5 9. Nbd2 O-O 10. d4 c4 11. b3 cxb3 12. axb3 Rb8 13. Bd3 e5 14. Rac1 d5 15.
Bxf6 Bxf6 16. exd5 Ne7 17. d6 Qxd6 18. dxe5 Bxe5 19. Bxh7+ Kh8 20. Bd3 Bf6 21.
Ne4 Qf4 22. Nxf6 Qxf6 23. Rfe1 Be6 24. Re5 Ng6 25. Rxb5 Rxb5 26. Bxb5 Bf5 27.
Bd3 Bxd3 28. Qxd3 Nf4 29. Qf1 Rc8 30. c4 Rb8 31. Nd2 Qe5 32. Re1 Qb2 33. Ne4
Rxb3 34. g3 Nd3 35. Qh3+ Kg8 36. Qc8+ Kh7 37. Qh3+ Kg8 38. Nf6+ gxf6 39. Re8+
Kg7 40. Qg4+ Kh7 41. Qh5+ Kg7 42. Qg4+ Kh7 1/2-1/2

[Event "Open Sanudo"]
[Site "Venezia ITA"]
[Date "2000.03.12"]
[Round "6"]
[White "Roberti, Ignazio"]
[Black "Ballarin, Gabriele"]
[Result "1-0"]
[WhiteElo "1646"]
[BlackElo "1618"]
[PlyCount "145"]
[EventDate "2000.02.26"]

1. e4 c5 2. Nf3 Nc6 3. d4 cxd4 4. Nxd4 e5 5. Ne2 Bc5 6. Nbc3 d6 7. Be3 Bxe3 8.
fxe3 Nf6 9. Ng3 Be6 10. Be2 O-O 11. O-O d5 12. exd5 Nxd5 13. Nxd5 Qxd5 14. Qe1
Qc5 15. Bd3 Rfd8 16. Ne4 Qe7 17. Qg3 f5 18. Ng5 e4 19. Bb5 a6 20. Ba4 Kh8 21.
Rf4 Rd7 22. Raf1 Rf8 23. Nxh7 Kxh7 24. Rh4+ Kg8 25. Qh3 Qg5 26. Rxe4 Rf6 27.
Rxe6 Rxe6 28. Bb3 Nd8 29. e4 g6 30. exf5 gxf5 31. Re1 Qg6 32. Qe3 Kf7 33. Kh1
Rde7 34. Qb6 Kg7 35. Bxe6 Nxe6 36. Qe3 Kf7 37. Qe5 Qf6 38. Qg3 Qxb2 39. Qd3 Qb5
40. Qf3 Ng5 41. Qh5+ Kf6 42. Qh6+ Kf7 43. Rxe7+ Kxe7 44. Qxg5+ Kf7 45. Qh5+ Kg7
46. Qd1 a5 47. h3 b6 48. Qa1+ Kg6 49. a4 Qc4 50. Qb1 Qc5 51. Qb3 Qf2 52. Kh2
Qf4+ 53. Qg3+ Qg5 54. c4 f4 55. Qxg5+ Kxg5 56. Kg1 Kf5 57. Kf2 Ke4 58. h4 Kd4
59. h5 Kxc4 60. h6 Kb4 61. h7 Kxa4 62. h8=Q b5 63. Ke2 b4 64. Kd3 Kb3 65. Qc8
Kb2 66. Qc2+ Ka1 67. Qa4+ Kb2 68. Qxa5 b3 69. Qc3+ Ka2 70. Qa5+ Kb2 71. Qd2+
Ka1 72. Kc3 f3 73. Qb2# 1-0

[Event "Open Sanudo"]
[Site "Venezia ITA"]
[Date "2000.02.??"]
[Round "6"]
[White "Tonolo, Maurizio"]
[Black "Gonzales, Guillermo"]
[Result "1/2-1/2"]
[WhiteElo "1476"]
[BlackElo "1512"]
[PlyCount "120"]
[EventDate "2000.02.26"]

1. Nf3 f5 2. d4 Nf6 3. c4 g6 4. g3 Bg7 5. Bg2 O-O 6. Nc3 d6 7. O-O Qe8 8. Qb3
c6 9. Re1 Ne4 10. Ng5 Nxg5 11. Bxg5 Bxd4 12. Rad1 Bf6 13. Bxf6 Rxf6 14. e4 Nd7
15. exf5 Nc5 16. Qc2 Bxf5 17. Qd2 Bg4 18. Ra1 a5 19. Ne4 Nxe4 20. Rxe4 Bf5 21.
Re3 Qf7 22. Rae1 e5 23. b3 a4 24. f4 axb3 25. axb3 Bg4 26. h3 Bh5 27. g4 Bxg4
28. hxg4 Rxf4 29. Rf1 Rf8 30. Qe2 Rxf1+ 31. Qxf1 Qf4 32. Rf3 Qd4+ 33. Kh2 Rxf3
34. Qxf3 Qf4+ 35. Qxf4 exf4 36. g5 Kf7 37. Kh3 Ke6 38. Kg4 Ke5 39. Bf1 d5 40.
cxd5 cxd5 41. Bg2 b6 42. b4 d4 43. Bf3 d3 44. Bd1 Ke4 45. Bf3+ Ke3 46. Bd1 b5
47. Bf3 d2 48. Bd1 Kf2 49. Kxf4 Ke1 50. Bb3 d1=Q 51. Bxd1 Kxd1 52. Ke4 Ke2 53.
Kd4 Kf3 54. Kc5 Kf4 55. Kxb5 Kxg5 56. Kc5 h5 57. b5 h4 58. b6 h3 59. b7 h2 60.
b8=Q h1=Q 1/2-1/2

[Event "Open Sanudo"]
[Site "Venezia ITA"]
[Date "2000.02.??"]
[Round "6"]
[White "Trangoni, Bruno"]
[Black "Bozzao, Francesco"]
[Result "1-0"]
[WhiteElo "1698"]
[BlackElo "1549"]
[PlyCount "39"]
[EventDate "2000.02.26"]

1. f4 c5 2. Nf3 Nf6 3. b3 e6 4. Bb2 Be7 5. e3 b6 6. Be2 Bb7 7. O-O O-O 8. Ne5
d6 9. Bf3 Qc7 10. Nd3 Nc6 11. c4 Rad8 12. Nc3 a6 13. Qe1 e5 14. Qg3 Kh8 15. Nd5
Nxd5 16. cxd5 Nb8 17. fxe5 Rg8 18. Be4 h6 19. Rxf7 Bh4 20. Qg6 1-0